Histoire du drapeau de l'Angola - Statistiques

Statistiques générales
  • Ce quiz a été pris 64 fois
  • Le résultat moyen est 4 sur 8
Statistiques - réponses
Hint Réponse % Correct
Drapeau de l'Angola (drapeau actuel depuis 1975)
71%
Royaume du Kongo (1390-1667)
71%
Septième drapeau de l'Angola portugais (1911-1975)
52%
Sixième drapeau de l'Angola portugais (1830-1911)
38%
Quatrième drapeau de l'Angola portugais (1816-1826)
35%
Deuxième drapeau de l'Angola portugais (1707-1750)
31%
Premier drapeau de l'Angola portugais (1667-1707) et cinquième drapeau de l'Angola portugais (1826-1830)
27%
Troisième drapeau de l'Angola portugais (1750-1816)
27%
Aucun quiz correspondant
Distribution des résultats
% des personnes avec chaque résultat
Percentile par nombre de réponses
Votre historique - résultats
Vous n’avez pas pris ce quiz